مكتبة جامعة عجلون الوطنية

فهرس بحث المكتبة

معجم المصطلحات التربوية : إنجليزي-عربي  (Record no. 14133)

MARC details
000 -LEADER
fixed length control field 00846nam a2200217Ii 4500
003 - CONTROL NUMBER IDENTIFIER
control field JO-AjNU
008 - FIXED-LENGTH DATA ELEMENTS--GENERAL INFORMATION
fixed length control field 230605s9999||||xx |||||||||||||| ||und||
020 ## - INTERNATIONAL STANDARD BOOK NUMBER
International Standard Book Number 9953-33-692-X
040 ## - CATALOGING SOURCE
Original cataloging agency JO-AjNU
Language of cataloging ara
Description conventions rda
Transcribing agency JO-AjNU
041 ## - LANGUAGE CODE
Language code of text/sound track or separate title ara
050 14 - LIBRARY OF CONGRESS CALL NUMBER
Classification number LB15.H36.2004
100 3# - MAIN ENTRY--PERSONAL NAME
Personal name تأليف حنا الله، رمزي كامل ، م، مشارك ميشيل تكلا جرجس؛ يوسف خليل يوسف، مراجع,
Relator term author
9 (RLIN) 27521
245 00 - TITLE STATEMENT
Title معجم المصطلحات التربوية : إنجليزي-عربي 
250 ## - EDITION STATEMENT
Edition statement الطبعة الثانية
264 31 - PRODUCTION, PUBLICATION, DISTRIBUTION, MANUFACTURE, AND COPYRIGHT NOTICE
Place of production, publication, distribution, manufacture بيروت: مكتبة لبنان، 2004
300 ## - PHYSICAL DESCRIPTION
Extent متعدد الترقيم
336 ## - CONTENT TYPE
Content type term text
Content type code txt
Source rdacontent
337 ## - MEDIA TYPE
Media type term unmediated
Media type code n
Source rdamedia
338 ## - CARRIER TYPE
Carrier type term volume
Carrier type code nc
Source rdacarrier
650 #4 - SUBJECT ADDED ENTRY--TOPICAL TERM
Topical term or geographic name entry element  التعليم -- معجم مصطلحات 
9 (RLIN) 27522
Holdings
Withdrawn status Lost status Source of classification or shelving scheme Damaged status Not for loan Home library Current library Shelving location Date acquired Total Checkouts Full call number Barcode Date last seen Price effective from Koha item type
    Library of Congress Classification     مكتبة جامعة عجلون الوطنية مكتبة جامعة عجلون الوطنية المراجع 06/06/2023   LB15.H36.2004 A10565 06/06/2023 06/06/2023 Reference